00374nam a22001337a 450000500170000000800410001704100130005808200120007110000120008324500380009526000520013330000300018565000250021520240805081446.0240805b |||||||| |||| 00| 0 eng d aEnglish  a349 SOU lEnglish aSouth African Law Reports: Natal  aPietermaritzburg: bP. Davis & Sons Ltd, c1921 bxii, 367 pages; c25 cm.  aLegal practice bLaw